| 000 | 00777nam a2200253Ia 4500 | ||
|---|---|---|---|
| 003 | OSt | ||
| 005 | 20220918174605.0 | ||
| 006 | a|||||r|||| 00| 0 | ||
| 007 | ta | ||
| 008 | 220917b |||||||| |||| 00| 0 eng d | ||
| 024 | _a12,999 | ||
| 037 | _cTextual | ||
| 040 |
_aARTS _cARTS _beng |
||
| 041 |
_2eng _aeng |
||
| 082 | _aN5,3, J4 | ||
| 100 |
_aHaines F Merlin _951011 |
||
| 245 | 0 |
_aTone and color in landscape painting _b A simple explanation of the principles deciding the apparent tones and colors of objectin the open air |
|
| 260 |
_aLondon _bAdam & charles black _c1954 |
||
| 300 |
_a93 _ccm. |
||
| 650 | _aARTS | ||
| 700 |
_a Bone Stephen _951012 |
||
| 942 |
_hN5,3, J4 _cTEXL _2CC |
||
| 999 |
_c153823 _d153823 |
||